000 005150000a22001930004500
003 LK-CoMWRAF
005 20230923233025.0
008 230817t1977 ||||| |||| 00| 0 eng d
040 _aLK-CoMWRAF
_dLK-CoMWRAF
_eLK-CoMWRAF
041 _aeng
082 _a297.89
_bFER
100 _aFerraby, John
245 _aAll things made new :
_bA Comprehensive outline of the baha'i faith
260 _aIndia :
_bDorothy ferraby,
_c1977
300 _a319p
650 _aIslam
650 _aIslam-BahaĆ­ faith
942 _cBK
999 _c1244
_d1244